Normal view
MARC view
- Drama - Malayalam
Entry Topical Term
001 - CONTROL NUMBER
- control field: 1695
003 - CONTROL NUMBER IDENTIFIER
- control field: OSt
005 - DATE AND TIME OF LATEST TRANSACTION
- control field: 20161006144053.0
008 - FIXED-LENGTH DATA ELEMENTS
- fixed length control field: 161006|| aca||aabn | a|a d
040 ## - CATALOGING SOURCE
- Original cataloging agency: OSt
- Transcribing agency: OSt
150 ## - HEADING--TOPICAL TERM
- Topical term or geographic name as entry element: Drama - Malayalam
670 ## - SOURCE DATA FOUND
- Source citation: Work cat.: (OSt)464: Padmanabha Pillai, Kainikara . 1694, Yavanika / , 1959.
